000 00910 a2200241 4500
005 20260109160039.0
008 260109b |||||||| |||| 00| 0 eng d
037 _cTB
040 _aCRL
_cCRL
041 _2pun
_apun
084 _aMY2143wN05 153R5
_qCRL
100 _aਸਿੰਘ, ਮਨਦੀਪ
_9850461
245 _aਭਾਰਤੀ ਹਾਕੀ ਦਾ ਚੰਦਰਮਾ: ਮੇਜਰ ਧੀਆਂ ਚੰਦ
246 _aBharti Hockey da Chandarma "Major Dhyan Chand" / Mandeep Singh
260 _aPatiala, India:
_bCaliber Publication,
_c2025.
300 _a66p.
365 _b150.00
_cINR
650 _aPhysical Training
_9863551
650 _aHockey-Players
_9863552
650 _aMajor Dhyan Chand
_9863553
942 _cTB
_2CC
_n0
_hMY2143wN05 153R5
999 _c1465186
_d1465186